Statistiques concernant Pokémon- Spécialistes du Type Roche

Cliquez ici pour prendre le quiz!

Statistiques générales

  • Ce quiz a été pris 24 fois
    (6 depuis la dernière actualisation)
  • Le résultat moyen est 27 sur 81

Statistiques - réponses

NombrePokémon% Correct
66Racaillou
100%
2Racaillou d'Alola
100%
43Gravalanch
67%
15Grolem
67%
1Grolem d'Alola
67%
1Rhinastoc
67%
6Rhinocorne
67%
6Rhinoféros
67%
2Aéroptéryx
33%
1Amagara
33%
1Amassel
33%
3Amonistar
33%
2Amonita
33%
1Anorith
33%
1Archéodong
33%
7Archéomire
33%
1Arkéapti
33%
3Armaldo
33%
2Bastiodon
33%
3Camérupt
33%
2Caratroc
33%
6Chamallot
33%
3Charbi
33%
5Charkos
33%
16Charpenti
33%
2Chartor
33%
3Crabaraque
33%
1Crabicoque
33%
4Dinoclier
33%
4Dolman
33%
2Dragmara
33%
1Drattak
33%
1Embrylex
33%
1Flagadoss
33%
1Galekid
33%
3Galeking
33%
14Géolithe
33%
5Gigalithe
33%
2Gigansel
33%
2Golgopathe
33%
1Hachécateur
33%
2Kabuto
33%
4Kabutops
33%
3Kranidos
33%
1Lilia
33%
2Lougaroc forme Crépusculaire
33%
3Lougaroc forme Diurne
33%
2Lougaroc forme Nocturne
33%
20Machoc
33%
10Machopeur
33%
3Mackogneur
33%
1Mégapagos
33%
2Monthracite
33%
10Nodulithe
33%
39Onix
33%
8Ouvrifier
33%
7Ptéra
33%
1Ptyranidur
33%
6Relicanth
33%
3Rexillius
33%
6Sabelette
33%
13Sablaireau
33%
1Séléroc
33%
3Simularbre
33%
14Steelix
33%
3Strassie
33%
11Tarinor
33%
9Tarinorme
33%
1Torgamord
33%
3Tyranocif
33%
2Vacilys
33%
1Wagomine
33%
5Balbuto
0%
1Donphan
0%
1Kaorine
0%
1Magnéton
0%
1Mammochon
0%
1Momartik
0%
1Ossatueur
0%
2Taupiqueur
0%
2Triopikeur
0%

Distribution des résultats

Percentile par nombre de réponses

% des personnes avec chaque résultat

Votre développement - résultats

Vous n’avez pas pris ce quiz depuis la dernière actualisation